Red panda quiz - Statistics

General Stats
  • This quiz has been taken 70 times
  • The average score is 3 of 6
Answer Stats
Hint Answer % Correct
What do red pandas mainly eat. Bamboo
94%
Are red pandas nocturnal or diurnal? Nocturnal
71%
How many fingers do red pandas have. Six
59%
What animal is a red panda about the size of? Cat
41%
Red pandas are also sometimes called? Firefoxes
18%
Or? Red raccoons
3%
No matching quizzes found
Score Distribution
Percent of People with Each Score
Percentile by Number Answered
Your Score History
You have not taken this quiz